The influence of temperature on the composition of the products obtained by processing stable gas condensate on zeolite modified with nickel salts; Химия и химическая технология в XXI веке; Т. 2

Dettagli Bibliografici
Parent link:Химия и химическая технология в XXI веке: материалы XXV Юбилейной Международной научно-практической конференции студентов и молодых ученых имени выдающихся химиков Л.П. Кулёва и Н.М. Кижнера, посвященной 100-летию со дня рождения профессора В.П. Лопатинского, 20-24 мая 2024 г., г. Томск/ Национальный исследовательский Томский политехнический университет.— .— Томск: Изд-во ТПУ, 2024
Т. 2.— 2024.— С. 138-139
Autore principale: Torchakova O. M.
Altri autori: Altynov A. A. Andrey Andreevich (научный руководитель), Bogdanov I. A. Ilya Aleksandrovich, Kirgina M. V. Mariya Vladimirovna
Riassunto:Заглавие с экрана
Текстовый файл
Lingua:inglese
Pubblicazione: 2024
Soggetti:
Accesso online:http://earchive.tpu.ru/handle/11683/84188
Natura: MixedMaterials Elettronico Capitolo di libro
KOHA link:https://koha.lib.tpu.ru/cgi-bin/koha/opac-detail.pl?biblionumber=678013

MARC

LEADER 00000naa2a2200000 4500
001 678013
005 20250216150442.0
090 |a 678013 
100 |a 20250108d2024 k||y0rusy50 ba 
101 0 |a eng 
102 |a RU 
135 |a drcn ---uucaa 
200 1 |a The influence of temperature on the composition of the products obtained by processing stable gas condensate on zeolite modified with nickel salts  |f O. M. Torchakova, A. A. Altynov, I. A. Bogdanov  |g Scientific supervisor M. V. Kirgina, linguistic advisor I. A. Bogdanov 
300 |a Заглавие с экрана 
320 |a Литература: 1 назв 
336 |a Текстовый файл 
461 1 |0 677027  |9 677027  |t Химия и химическая технология в XXI веке  |o материалы XXV Юбилейной Международной научно-практической конференции студентов и молодых ученых имени выдающихся химиков Л.П. Кулёва и Н.М. Кижнера, посвященной 100-летию со дня рождения профессора В.П. Лопатинского, 20-24 мая 2024 г., г. Томск  |f Национальный исследовательский Томский политехнический университет  |c Томск  |d 2024  |n Изд-во ТПУ 
463 1 |0 677030  |9 677030  |t Т. 2  |d 2024  |v С. 138-139  |u conference_tpu-2024-C27_V2.pdf 
545 1 |a Химия и химическая технология на иностранном языке (английский) 
610 1 |a труды учёных ТПУ 
610 1 |a электронный ресурс 
610 1 |a моторное топливо 
610 1 |a газовый конденсат 
610 1 |a товарный бензин 
610 1 |a SGC  
610 1 |a газожидкостная хроматография 
610 1 |a катализаторы 
700 1 |a Torchakova  |b O. M.  
701 1 |a Altynov  |b A. A.  |c chemist  |c Engineer of Tomsk Polytechnic University, Candidate of Technical Sciences  |f 1994-  |g Andrey Andreevich  |9 22220 
701 1 |a Bogdanov  |b I. A.  |c chemist  |c Research Engineer of Tomsk Polytechnic University  |f 1994-  |g Ilya Aleksandrovich  |9 22218 
702 1 |a Kirgina  |b M. V.  |c Chemical Engineer  |c Associate Professor of Tomsk Polytechnic University, Candidate of Technical Sciences  |f 1988-  |g Mariya Vladimirovna  |4 727 
702 1 |a Bogdanov  |b I. A.  |c chemist  |c Research Engineer of Tomsk Polytechnic University  |f 1994-  |g Ilya Aleksandrovich  |4 727 
801 0 |a RU  |b 63413507  |c 20250108  |g RCR 
850 |a 63413507 
856 4 |u http://earchive.tpu.ru/handle/11683/84188  |z http://earchive.tpu.ru/handle/11683/84188 
942 |c CF